| 000 | nam a22 7a 4500 | ||
|---|---|---|---|
| 999 |
_c25225 _d25225 |
||
| 008 | 170131b xxu||||| |||| 00| 0 eng d | ||
| 020 | _a9781133314165 | ||
| 050 | _aHV 11.5 .S86 2012 | ||
| 100 | _a Summers, Nancy | ||
| 245 |
_aFundamentals of case management practice : _bskills for the human services/ _cNancy Summers. |
||
| 250 | _a4th ed. | ||
| 260 |
_aAustralia ; Belmont, CA : _b Brooks/Cole Cengage Learning, _c2012. |
||
| 300 | _axx, 472 pages ; 28 cm | ||
| 650 | _aSocial case work -- Problems, exercises, etc. | ||
| 650 | _aSocial work education. | ||
| 650 | _aSocial service -- Problems, exercises, etc. | ||
| 942 |
_2lcc _cBOOKS _hHV 11.5 .S86 2012 |
||